| 000 | 00399nam a2200169Ia 4500 | ||
|---|---|---|---|
| 003 | OSt | ||
| 005 | 20240321103905.0 | ||
| 008 | 170523s9999 xx 000 0 und d | ||
| 020 | _aNA | ||
| 040 | _cIIMT UNIVERSITY MEERUT | ||
| 100 | _aForster & Palastanga | ||
| 245 | 0 | _aClayton's Electrotherapy: Theory and Practice | |
| 260 | _aCBS Pub | ||
| 260 | _c2005 | ||
| 300 | _a233 | ||
| 942 |
_2ddc _c02 |
||
| 999 |
_c12610 _d12610 |
||